Khắc phục sự cố và sửa chữa máy tính
Gorde:
| Egile nagusia: | |
|---|---|
| Formatua: | Liburua |
| Hizkuntza: | Undetermined |
| Argitaratua: |
Tp. HCM
Thống Kê
2003
|
| Gaiak: | |
| Etiketak: |
Etiketa erantsi
Etiketarik gabe, Izan zaitez lehena erregistro honi etiketa jartzen!
|
| Thư viện lưu trữ: | Trung tâm Học liệu Trường Đại học Cần Thơ |
|---|
| LEADER | 00562nam a2200193Ia 4500 | ||
|---|---|---|---|
| 001 | CTU_53678 | ||
| 008 | 210402s9999 xx 000 0 und d | ||
| 020 | |b 28000 | ||
| 082 | |a 621.39 | ||
| 082 | |b H108 | ||
| 100 | |a Châu Bá Hào | ||
| 245 | 0 | |a Khắc phục sự cố và sửa chữa máy tính | |
| 245 | 0 | |c Châu Bá Hào | |
| 260 | |a Tp. HCM | ||
| 260 | |b Thống Kê | ||
| 260 | |c 2003 | ||
| 650 | |a computer input-output equipment | ||
| 650 | |x maintenance and repair | ||
| 980 | |a Trung tâm Học liệu Trường Đại học Cần Thơ | ||